[Event "Oslo Kampen Autumn"]
[Site "Oslo"]
[Date "2019.??.??"]
[Round "5"]
[White "Hageland, Harald"]
[Black "Skurtveit, Lasse"]
[Result "0-1"]
[WhiteElo "1652"]
[BlackElo "1588"]
[PlyCount "70"]
[EventDate "2019.09.09"]
[EventType "swiss"]
[EventRounds "7"]
[EventCountry "NOR"]
[SourceTitle "EXT 2024"]
[Source "ChessBase"]
[SourceDate "2023.10.10"]
[SourceVersion "1"]
[SourceVersionDate "2023.10.10"]
[SourceQuality "1"]

1. c4 e5 2. d3 Nf6 3. Nc3 Bb4 4. e4 0-0 5. g3 d6 6. Bg2 Bxc3+ 7. bxc3 Nbd7 8. Ne2 Nc5 9. 0-0 Bg4 10. f3 Be6 11. d4 Na6 12. d5 Bd7 13. Be3 b6 14. h3 Nc5 15. Bxc5 bxc5 16. Rb1 h6 17. Rb2 Rb8 18. Qd2 Nh7 19. Rfb1 Rb6 20. f4 exf4 21. Qxf4 Qg5 22. Qxg5 Nxg5 23. Rxb6 cxb6 24. g4 Re8 25. Ng3 g6 26. Rf1 Kg7 27. Rf2 Bc8 28. h4 Nh7 29. Bf3 Nf6 30. Nf1 Nxg4 31. Bxg4 Bxg4 32. Nd2 f5 33. Rg2 h5 34. exf5 Bxf5 35. Kf2 Bg4 0-1

[Event "Oslo Kampen Autumn"]
[Site "Oslo"]
[Date "2019.??.??"]
[Round "7"]
[White "Skurtveit, Lasse"]
[Black "Simonsen, Helge"]
[Result "1/2-1/2"]
[WhiteElo "1588"]
[BlackElo "1693"]
[PlyCount "90"]
[EventDate "2019.09.09"]
[EventType "swiss"]
[EventRounds "7"]
[EventCountry "NOR"]
[SourceTitle "EXT 2024"]
[Source "ChessBase"]
[SourceDate "2023.10.10"]
[SourceVersion "1"]
[SourceVersionDate "2023.10.10"]
[SourceQuality "1"]

1. e4 e5 2. Nf3 Nc6 3. d4 exd4 4. Nxd4 Bc5 5. Be3 Qf6 6. c3 Nge7 7. Bc4 0-0 8. 0-0 a6 9. a4 Ne5 10. Be2 d6 11. Nd2 Qg6 12. Bh5 Qf6 13. Be2 Bd7 14. Nc2 Bxe3 15. Nxe3 Bc6 16. Nec4 Nxc4 17. Bxc4 Qh6 18. Re1 Ng6 19. Bd5 Bxd5 20. exd5 Qg5 21. Ne4 Qf5 22. Ng3 Qd7 23. Qd4 Rae8 24. Nh5 f6 25. Nf4 Nxf4 26. Qxf4 Re5 27. Qd2 Rxe1+ 28. Qxe1 Re8 29. Qd2 Re4 30. b3 Qe8 31. Kf1 Kf7 32. Re1 Rxe1+ 33. Qxe1 Qxe1+ 34. Kxe1 f5 35. f4 h6 36. Kf2 b6 37. b4 b5 38. a5 g6 39. Ke3 Ke7 40. Kd3 Kd7 41. c4 bxc4+ 42. Kxc4 c6 43. g3 Kc7 44. Kd4 Kd7 45. Kc4 Kc7 1/2-1/2

[Event "Oslo Kampen CC-ch"]
[Site "Oslo"]
[Date "2017.01.16"]
[Round "1"]
[White "Skurtveit, Lasse"]
[Black "Farner, Geir"]
[Result "1/2-1/2"]
[WhiteElo "1292"]
[BlackElo "1591"]
[PlyCount "104"]
[EventDate "2017.02.06"]
[EventType "swiss"]
[EventRounds "9"]
[EventCountry "NOR"]
[SourceTitle "EXT 2024"]
[Source "ChessBase"]
[SourceDate "2023.10.10"]
[SourceVersion "1"]
[SourceVersionDate "2023.10.10"]
[SourceQuality "1"]

1. e4 c5 2. Nf3 Nc6 3. d4 cxd4 4. Nxd4 e6 5. Nc3 a6 6. a3 Qc7 7. Be3 b5 8. Be2 Bb7 9. Qd2 Nf6 10. Rd1 Be7 11. 0-0 Rc8 12. f4 Nxd4 13. Qxd4 Bc5 14. Qxc5 Qxc5 15. Bxc5 Rxc5 16. e5 Ne4 17. Nxe4 Bxe4 18. c3 Bd5 19. Bf3 Bxf3 20. Rxf3 d5 21. exd6 Kd7 22. Rfd3 Rb8 23. Kf2 Rb6 24. Kf3 Rcc6 25. Ke4 Rxd6 26. Rxd6+ Rxd6 27. Rxd6+ Kxd6 28. b4 h5 29. g3 f6 30. Kd4 e5+ 31. Ke4 exf4 32. gxf4 g6 33. h4 Ke6 34. f5+ gxf5+ 35. Kf4 Ke7 36. Kxf5 Kf7 37. Ke4 Ke6 38. Kd4 f5 39. c4 bxc4 40. Kxc4 Ke5 41. Kd3 Kd5 42. a4 f4 43. b5 axb5 44. axb5 Kc5 45. Ke4 f3 46. Kxf3 Kxb5 47. Kf4 Kc6 48. Kg5 Kd6 49. Kxh5 Ke7 50. Kg6 Kf8 51. Kh7 Kf7 52. h5 Kf8 1/2-1/2

[Event "Oslo Kampen Autumn"]
[Site "Oslo"]
[Date "2017.??.??"]
[Round "4"]
[White "Skurtveit, Lasse"]
[Black "Barrientos, Carlos"]
[Result "1-0"]
[WhiteElo "1223"]
[BlackElo "1291"]
[PlyCount "117"]
[EventDate "2017.08.28"]
[EventType "swiss"]
[EventRounds "7"]
[EventCountry "NOR"]
[SourceTitle "EXT 2024"]
[Source "ChessBase"]
[SourceDate "2023.10.10"]
[SourceVersion "1"]
[SourceVersionDate "2023.10.10"]
[SourceQuality "1"]

1. e4 e5 2. Nf3 d6 3. Bc4 Be6 4. Bb3 Nd7 5. Nc3 Be7 6. d3 Ngf6 7. 0-0 h6 8. h3 c6 9. Re1 Nc5 10. Bxe6 fxe6 11. Be3 b6 12. Qd2 Qc7 13. Bxc5 bxc5 14. Rab1 0-0 15. Ne2 Nh7 16. c4 Rxf3 17. gxf3 Ng5 18. Kg2 Rf8 19. f4 exf4 20. Nxf4 e5 21. Nh5 Nf3 22. Qe2 Bh4 23. Ng3 Qf7 24. Nf5 Nxe1+ 25. Rxe1 Qg6+ 26. Qg4 Qxg4+ 27. hxg4 Bg5 28. Nxd6 Rd8 29. Nb7 Rxd3 30. Nxc5 Rd2 31. Rb1 Be3 32. Nb3 Rxf2+ 33. Kg3 Rc2 34. Na5 Bf4+ 35. Kf3 Kh7 36. Nxc6 Rxc4 37. Nxa7 Ra4 38. Nc6 Rxa2 39. b4 Ra3+ 40. Kf2 Kg6 41. b5 Kg5 42. b6 Be3+ 43. Kg2 Bxb6 44. Nxe5 Ra2+ 45. Kf3 Ra3+ 46. Kg2 Bd4 47. Nf3+ Kxg4 48. Nxd4 Ra2+ 49. Kf1 Kf4 50. Ne2+ Kxe4 51. Nc3+ Kf4 52. Nxa2 g5 53. Kg2 h5 54. Rh1 h4 55. Rh3 Kg4 56. Nc3 Kh5 57. Rd3 Kg4 58. Ne4 Kf4 59. Nxg5 1-0